[Event "NC Open 2009"]
[Site "?"]
[Date "2009.10.31"]
[Round "2"]
[White "Hales, William T."]
[Black "Shemesh, Yuval"]
[Result "1-0"]
[WhiteElo "1789"]
[BlackElo "2031"]
[Annotator "Rybka 3 (120s)"]
[PlyCount "107"]
[SourceDate "2006.11.11"]

{B02: Alekhine's Defence: Chase Variation and lines with early Nc3} 1. e4 c5 2.
c3 (2. Nf3 e6 $11) 2... Nf6 {Black threatens to win material: Nf6xe4} 3. e5 {
White threatens to win material: e5xf6} Nd5 4. d4 cxd4 5. cxd4 Nc6 {
Black has a cramped position. Black's pieces can't move: c8+f8} 6. Nf3 d6 {
Black has a cramped position. Black's piece can't move: f8} 7. Nc3 (7. Bc4 dxe5
8. dxe5 Nb6 9. Qxd8+ Nxd8 10. Bb5+ Bd7 $11) 7... e6 {Prevents intrusion on d5}
(7... dxe5 8. Nxe5 Nxe5 9. dxe5 Nxc3 10. Qxd8+ Kxd8 11. bxc3 $11) 8. Nxd5 (8.
Bd2 Be7 $11) 8... exd5 $11 9. exd6 (9. Bd3 $5 $11) 9... Bxd6 $15 {
White king safety dropped.} 10. Bd3 O-O 11. O-O h6 {Covers g5} (11... Bg4 12.
h3 Bxf3 13. Qxf3 $11) 12. h3 Qf6 {Attacks the isolani on d4} 13. a3 {Secures b4
} Kh8 (13... Re8 14. b4 $15) 14. Be3 Bd7 (14... Bf5 15. Re1 $11) 15. Qb3 {
White threatens to win material: Qb3xd5} Bxh3 16. Qxd5 (16. gxh3 $4 {
White must not take the bishop, otherwise he will bring himself grief} Qxf3 17.
Bc2 Qxh3 $19) (16. Qxb7 $6 {is a bad alternative} Ne7 $15) 16... Qe6 (16... Ne7
17. Qh5 Bf5 18. Bg5 $11) 17. Qxe6 (17. Qe4 Qxe4 18. Bxe4 Bd7 $14) 17... Bxe6
$11 (17... fxe6 $2 18. Nh4 (18. gxh3 $6 Rxf3 19. Kg2 Rf7 $11) 18... Bg4 19.
Ng6+ Kg8 20. Nxf8 Rxf8 21. Bc4 $18) 18. Be4 Bg4 (18... f5 $5 19. Bxc6 bxc6 $11)
19. Rac1 $14 Bd7 20. Rfd1 f5 (20... Rfd8 21. d5 Ne5 22. Bc5 Nxf3+ 23. Bxf3 $14)
21. Bd5 (21. Bb1 Ne7 $14) 21... f4 22. Bd2 Rab8 (22... Ne7 23. Ba2 $14) 23. Bc3
Ne7 24. Be4 (24. Bb3 Bg4 $16) 24... Bf5 $14 {
Black threatens to win material: Bf5xe4} 25. Re1 (25. Nd2 Bxe4 26. Nxe4 Rbd8
$14) 25... Bxe4 $11 26. Rxe4 Nd5 {A valuable piece} 27. Ne5 Rfe8 $4 {
not a good decision, because now the opponent is right back in the game} (27...
Kg8 $142 $11 {this is the best bet to save the position}) 28. Nf7+ $18 Kg8 29.
Rxe8+ (29. Nxd6 {seems even better} Rxe4 30. Nxe4 Rf8 $18) 29... Rxe8 $2 (29...
Kxf7 30. Rxb8 Bxb8 $18) 30. Nxd6 Re7 31. Kf1 (31. Nc8 {
makes it even easier for White} Re6 32. Nxa7 Rb6 $18) 31... a6 (31... Rd7 {
does not help much} 32. Nc4 $18) 32. Nc4 (32. Ba5 {and White can already relax}
b6 33. Rc8+ Kh7 $18) 32... f3 (32... Rc7 {doesn't change anything anymore} 33.
Ne5 $18) 33. gxf3 Rf7 (33... Rc7 {is not the saving move} 34. Bd2 $18) 34. Ne5
Rf5 (34... Rc7 {does not save the day} 35. Ke2 $18) 35. Bd2 h5 (35... Rf8 {
does not win a prize} 36. Ke2 $18) 36. Rc5 Nf6 (36... Nf4 {
does not solve anything} 37. Nd3 $1 {Discovered attack: e5, c5-f5} Nd5 38. Nb4
$18) 37. Rc7 h4 38. Ng6 (38. Kg2 {keeps an even firmer grip} b5 $18) 38... Rh5
(38... Rb5 {doesn't improve anything} 39. b4 $18) 39. Nf4 (39. Rxb7 $142 $5 {
might be the shorter path} Kh7 40. Nf8+ Kh8 $18) 39... Rb5 40. Bc1 (40. Bc3 {
seems even better} Rg5 $18) 40... Rb3 (40... Ne8 {is no salvation} 41. Rd7 $18)
41. Rc3 (41. Ne6 $5 {keeps an even firmer grip} Nh5 $18) 41... Rb5 42. Kg2 Kh7
(42... Nd5 {doesn't get the cat off the tree} 43. Nxd5 Rxd5 44. Be3 $18) 43.
Kh3 Nd5 44. Nxd5 Rxd5 45. Be3 Rb5 (45... Rd7 {cannot change destiny} 46. Rc5
$18) 46. b4 Rf5 (46... Kg6 {doesn't get the bull off the ice} 47. Kxh4 b6 48.
Kg4 $18) 47. f4 Kg6 (47... Rb5 {doesn't do any good} 48. Rc5 Rb6 49. Kxh4 $18)
48. Kxh4 (48. Rc7 $142 {and White can already relax} b6 $18) 48... Rh5+ (48...
Rf7 {doesn't change the outcome of the game} 49. Rc5 $18) 49. Kg4 Rh1 (49... a5
50. Rc5 Rh2 51. bxa5 Rg2+ 52. Kh3 $18) 50. Rc2 (50. f5+ $142 {
makes it even easier for White} Kf7 51. Rc7+ Kf8 $18) 50... Rg1+ 51. Kf3 Kf5
52. Rc5+ Kf6 53. d5 (53. Rc7 $142 {might be the shorter path} Kf5 54. Rf7+ Ke6
55. Rxb7 Kd5 $18) 53... Rd1 (53... Ke7 {hardly improves anything} 54. Rc7+ Kd6
55. Rxb7 Kxd5 56. Rb6 $18) 54. Ke4 (54. Ke4 Ke7 55. Rc7+ Kf8 56. Rxb7 $18) 1-0

[Event "NC Open 2009"]
[Site "?"]
[Date "2009.10.31"]
[Round "2"]
[White "Vlahovic, Branislav"]
[Black "Hales, William T."]
[Result "1/2-1/2"]
[WhiteElo "2137"]
[BlackElo "1789"]
[Annotator "Rybka 3 (120s)"]
[PlyCount "30"]
[SourceDate "2006.11.11"]

{D45: Semi-Slav: 5 e3} 1. Nf3 d5 2. d4 Nf6 3. c4 c6 4. e3 e6 (4... Bf5 5. Bd3
Bxd3 6. Qxd3 $11) 5. Nc3 (5. Bd3 dxc4 6. Bxc4 a6 $14) 5... Bb4 (5... Bd6 6. Bd3
$14) 6. Bd2 (6. Bd3 O-O $11) 6... Nbd7 7. Bd3 Qe7 8. a3 {
White threatens to win material: a3xb4} Bd6 9. O-O e5 (9... dxc4 10. Bxc4 O-O
$11) 10. e4 (10. dxe5 $5 Nxe5 11. Nxe5 Qxe5 12. f4 $14) 10... dxc4 (10... exd4
11. exd5 dxc3 $15) 11. dxe5 (11. Bxc4 $142 $5 {
and White could well hope to play on} O-O 12. Be3 $11) 11... Nxe5 $17 (11...
cxd3 $2 {is very tempting, but} 12. exd6 (12. exf6 $6 Qxf6 13. Bg5 Qg6 $11)
12... Qxd6 13. e5 Nxe5 14. Nxe5 $18) 12. Nxe5 (12. Be2 $142 $5 $17) 12... Qxe5
$19 (12... Bxe5 $6 13. Bxc4 Be6 14. Bxe6 Qxe6 15. Qe2 $11) 13. f4 Qc5+ (13...
Qd4+ 14. Kh1 cxd3 15. e5 $19) 14. Kh1 cxd3 15. e5 Bg4 {HALES:  I offered a
draw here understanding fully that my position was superior.  After about one
hour of post game analysis with Dr. Vlahovic, I stand by my decision.  Black
has some impending king safety issues, and the the position is quite volatile,
with chances for both sides.  Rybka's 1.5 pawn advantage for black is not so
easy to convert into a win against a player of this caliber.} 1/2-1/2

[Event "TAO 50"]
[Site "?"]
[Date "2009.10.03"]
[Round "3"]
[White "Simpson, Ron"]
[Black "Timmel, John"]
[Result "1/2-1/2"]
[WhiteElo "2306"]
[BlackElo "2112"]
[Annotator "Rybka 3 (90s)"]
[PlyCount "87"]
[SourceDate "2006.11.11"]

{C12: French: Classical System: McCutcheon Variation} 1. e4 e6 2. d4 d5 {
Black threatens to win material: d5xe4} 3. Nc3 Bb4 {
Black has a cramped position} (3... Nf6 4. exd5 Nxd5 5. Nf3 $14) 4. Bd3 dxe4 5.
Bxe4 Nf6 {Black threatens to win material: Nf6xe4} 6. Bg5 (6. Bd3 Nc6 7. Nf3
O-O $11) 6... h6 (6... Nbd7 7. Bf3 $11) 7. Bxf6 Qxf6 {
Black has the pair of bishops} 8. Qd3 (8. Nf3 O-O $11) 8... Nd7 9. Nge2 O-O {
Black has a cramped position. Black's piece can't move: c8} 10. O-O c5 11. Rad1
cxd4 12. Qxd4 (12. Nxd4 Nc5 13. Qc4 a5 $11) 12... Qe7 13. Bxb7 (13. Bf3 Bc5 14.
Qe4 Nb6 $11) 13... Bxb7 14. Qxd7 Qxd7 (14... Rab8 15. Qxe7 Bxe7 16. Rd2 $11)
15. Rxd7 Ba6 16. Rfd1 Rfc8 (16... Rfb8 17. Nd4 Bxc3 18. bxc3 $11) 17. a3 $14
Bxe2 (17... Bf8 18. R1d2 $14) 18. Nxe2 $16 Rxc2 19. Nd4 Rd2 20. Rxd2 Bxd2 21.
Nc6 {White threatens to win material: Nc6xa7} (21. b4 Bg5 $16) 21... Bc1 $14 {
Black threatens to win material: Bc1xb2} 22. Rb7 ({Not} 22. Nxa7 Bxb2 23. a4 e5
$11) 22... Kf8 (22... a5 23. a4 $14) 23. a4 $16 a5 {
White has a new backward pawn: b2} 24. Kf1 (24. g3 Bg5 $16) 24... Bg5 (24...
Bf4 25. g3 Bd6 26. Rd7 $14) 25. Ke2 (25. Ne5 f5 $14) 25... Bd8 (25... Bf4 26.
g3 Bd6 27. Rd7 $14) 26. Kd3 $16 Rc8 27. Ne5 f6 28. Ng6+ (28. Nc4 Ra8 $14) 28...
Ke8 (28... Kg8 29. h4 $14) 29. Rxg7 Rb8 30. Kc2 Rb4 (30... Rc8+ 31. Kb3 $14)
31. Rg8+ Kd7 32. b3 Re4 33. f3 Re3 34. Nf4 Bc7 {
Black threatens to win material: Bc7xf4} 35. Nd3 Re2+ 36. Kd1 Ra2 37. h4 (37.
Nc5+ Kc6 38. Nxe6 Bxh2 39. Nd4+ Kc5 $14) 37... Bb6 $14 38. Nc1 {
White threatens to win material: Nc1xa2} (38. Ne1 Rb2 $14) 38... Rf2 (38... Rb2
39. Ne2 $11) 39. Rg4 (39. Ne2 Be3 $14) 39... Be3 (39... Rb2 40. b4 axb4 41. Nd3
$11) 40. Re4 (40. Ne2 $5 $14) 40... Bxc1 $11 41. Kxc1 Rxg2 42. b4 axb4 43. Rxb4
{White has a new passed pawn: a4.} Kc6 44. Rb8 1/2-1/2

[Event "TAO 50"]
[Site "?"]
[Date "2009.10.03"]
[Round "1"]
[White "Stamper, David"]
[Black "Mabe, Chris"]
[Result "1-0"]
[WhiteElo "1844"]
[BlackElo "2306"]
[Annotator "Rybka 3 (90s)"]
[PlyCount "107"]
[SourceDate "2006.11.11"]

{A86: Dutch Defence: Leningrad System: Unusual lines and 5 Nh3} 1. d4 f5 2. c4
Nf6 3. g3 g6 4. Bg2 Bg7 5. Nc3 O-O 6. Nh3 d6 7. d5 {White gains space} (7. O-O
e6 $11) 7... Na6 8. O-O e5 9. dxe6 {Deflection: e6} Nc5 {
Black threatens to win material: Nc5xe6} (9... Bxe6 10. Bd5 {Double attack} (
10. Bxb7 {Discovered attack}) (10. Bxb7 {Deflection}) (10. Bd5 {Decoy})) 10.
Nf4 (10. Ng5 Rb8 $14) 10... c6 $11 {Prevents intrusion on b5+d5} 11. Qd2 (11.
Be3 Qe7 $11) 11... Qe7 12. Rb1 Nxe6 (12... Bxe6 13. b3 $11) 13. Nxe6 (13. Rd1
Rd8 $11) 13... Bxe6 $11 14. b3 {Covers c4} Rfd8 15. Ba3 Qc7 (15... Qe8 16. Qc2
$11) 16. Rfd1 d5 17. cxd5 Nxd5 18. Nxd5 Bxd5 19. Bxd5+ Rxd5 20. Qc2 Rad8 21.
Rxd5 Rxd5 22. Rd1 Qa5 23. Rxd5 Qxd5 24. Bb2 Bxb2 25. Qxb2 c5 26. Qc3 b5 {
Black plans c4} 27. Qe3 Qc6 28. Qe5 c4 29. Qb8+ Kf7 30. Qxa7+ Kf6 31. Qd4+ Ke6
32. bxc4 bxc4 {
White has a new passed pawn: a2. Black has a new passed pawn: c4.} 33. Qe3+ Kd6
34. Qd4+ Kc7 35. Qe5+ Kb6 36. Qb2+ Ka6 37. Qa3+ Kb5 38. Qb2+ Ka4 39. Qc3 Qd5
40. f3 g5 (40... Qc5+ 41. Kf1 $11) 41. Kf2 $14 f4 42. gxf4 gxf4 43. e4 (43. Ke1
h6 $14) 43... fxe3+ $11 44. Kxe3 Kb5 45. f4 Qc5+ 46. Ke4 Qf2 $4 {
weakening the position} (46... Qc6+ $142 {is a viable option} 47. Ke3 Qc5+ 48.
Kf3 Qh5+ 49. Kg3 Qg6+ 50. Kf2 Qh6 51. a4+ Kc5 $11) 47. a4+ $1 $18 {
Deflection: a4} Kc5 $4 {
Black has lost his nerve... understandable when you consider his position} (
47... Kxa4 48. Qxc4+ {Deflection} (48. Qa1+ {Decoy})) 48. Qe3+ Qxe3+ 49. Kxe3
Kb4 50. Kd2 Kb3 51. Kc1 Kxa4 52. f5 Kb3 53. f6 Kc3 54. f7 1-0

[Event "TAO 50"]
[Site "?"]
[Date "2009.10.03"]
[Round "3"]
[White "King, Paul"]
[Black "Campbell, William"]
[Result "0-1"]
[WhiteElo "1872"]
[BlackElo "1903"]
[Annotator "Rybka 3 (90s)"]
[PlyCount "60"]
[SourceDate "2006.11.11"]

{A46: 1 d4 Nf6 2 Nf3 e6: Torre, London and Colle Systems} 1. d4 Nf6 2. Nf3 e6 (
2... c5 3. dxc5 e6 4. e3 $11) 3. Bg5 (3. g3 c5 $11) 3... c5 $11 4. e4 (4. Nc3
cxd4 5. Nxd4 h6 $11) 4... cxd4 5. e5 h6 6. Bxf6 (6. Bh4 $142 $5 {
must be considered} g5 7. exf6 gxh4 8. Qxd4 $15) 6... gxf6 $17 7. exf6 Qxf6 (
7... Nc6 $5 $17) 8. Qxd4 $15 Qxd4 9. Nxd4 {Black has the pair of bishops} Bg7 (
9... Nc6 10. Nb3 $15) 10. c3 {Consolidates d4} a6 {Controls b5} (10... Nc6 11.
Nc2 $15) 11. g3 (11. Nd2 $5 $11) 11... Bxd4 $15 12. cxd4 Nc6 13. Nc3 Nxd4 14.
O-O-O Nc6 15. Ne4 (15. Bh3 b5 $15) 15... d5 $17 {
Black threatens to win material: d5xe4} 16. Nf6+ (16. Nc5 $5 $17) 16... Ke7 $19
17. Nh5 (17. Ng4 e5 18. Ne3 d4 19. Nd5+ Kd6 $17) 17... Bd7 (17... e5 18. Be2
Bf5 19. g4 $19) 18. f4 (18. Bg2 Nb4 19. Kb1 e5 $19) 18... Rac8 19. Kb1 (19. h3
$142 $19) 19... Na7 $4 {a transit from better to worse} (19... e5 $142 {
and Black can already relax} 20. h3 Bf5+ 21. Bd3 Bg6 $19) 20. Bg2 (20. Bh3 $17)
20... Rc7 (20... Rc5 $142 $5 $17) 21. Rhe1 Kd6 22. f5 Rhc8 (22... Nc8 23. Nf6
Nb6 24. b3 $11) 23. Nf6 {Black king safety dropped} Rc2 $4 (23... Ba4 24. b3
Nb5 25. Nxd5 exd5 26. Rxd5+ Kc6 27. Rd8+ Kb6 28. Rxc8 Rxc8 29. bxa4 Nc3+ 30.
Kc2 Nxa4+ 31. Kd2 Rd8+ 32. Ke3 Re8+ 33. Kf2 Rxe1 34. Kxe1 $11) 24. Be4 {
White threatens to win material: Be4xc2} (24. Bxd5 $142 {nails it down} Rc1+
25. Rxc1 Rxc1+ 26. Kxc1 exd5 27. Ne8+ Bxe8 28. Rxe8 $18) 24... Rxh2 $14 25.
Bxd5 exd5 (25... Ba4 26. Bb3+ Ke7 27. Bxa4 Kxf6 28. fxe6 fxe6 29. Rd6 $14) 26.
Rxd5+ $16 Kc7 27. Rc1+ $4 {spoils everything} (27. Rxd7+ $142 Kb8 28. Rxf7 $16)
27... Bc6 $19 28. Rd7+ Kb6 29. Rxf7 (29. Rd3 {doesn't change anything anymore}
h5 30. Rdd1 Rf2 $19) 29... Rf2 (29... Rd8 $142 {and Black takes home the point}
30. Ka1 Rdd2 31. Rb1 $19) 30. g4 (30. Rh7 $19 {is still a small chance}) 30...
Rd8 (30... Rd8 31. Ka1 Rdd2 $19) 0-1

[Event "TAO 50"]
[Site "?"]
[Date "2009.10.03"]
[Round "1"]
[White "Jiang, Allan"]
[Black "Parrish, Jacob"]
[Result "0-1"]
[WhiteElo "1785"]
[BlackElo "1962"]
[Annotator "Rybka 3 (90s)"]
[PlyCount "50"]
[SourceDate "2006.11.11"]

{B84: Sicilian Scheveningen: 6 Be2 a6, lines without early Be3} 1. e4 c5 2. Nf3
d6 {Consolidates e5} 3. d4 cxd4 4. Nxd4 {
Black is behind in developement. Black's piece can't move: f8} Nf6 {
Black threatens to win material: Nf6xe4} 5. Nc3 a6 {Secures b5} (5... g6 6. Be3
$11) 6. Be2 e6 {Controls d5+f5} (6... e5 7. Nb3 $14) 7. f4 {
Black is behind in developement} (7. O-O e5 8. Nf3 Be7 $14) 7... Nbd7 {
Black is behind in developement. Black's piece can't move: c8} (7... Be7 8. Qd3
$11) 8. O-O (8. Be3 Qc7 $11) 8... b5 9. Bf3 {Black has a cramped position} Bb7
10. e5 Bxf3 11. Qxf3 (11. Nxf3 $142 $5 {and White can hope to survive} dxe5 12.
fxe5 $11) 11... dxe5 $17 12. Nc6 Bc5+ (12... Qb6+ $142 $5 13. Kh1 exf4 $17) 13.
Kh1 $11 e4 14. Nxe4 Qc7 15. f5 (15. Nxc5 $142 {and White can hope to live} Nxc5
16. Ne5 $11) 15... Nxe4 $17 16. Qxe4 Nf6 17. Qf3 Rc8 18. a4 (18. b4 $142 $5 Bd6
19. Nd4 $17) 18... b4 $19 19. Nxb4 Bxb4 20. fxe6 (20. Bg5 Be7 $19) 20... O-O (
20... fxe6 21. Qe3 e5 22. c3 $19) 21. Bg5 (21. Bf4 Qc4 22. c3 Bc5 $19) 21...
fxe6 22. Qb3 (22. Qe3 Qc6 23. Bxf6 Rxf6 24. Rxf6 gxf6 $19) 22... Nd5 23. Rfc1 (
23. c3 Bd6 $19) 23... Bd6 (23... Qe5 $5 {seems even better} 24. Bh4 Qe4 25. Qg3
$19) 24. c4 Bf4 25. Rc2 (25. Bxf4 {the last chance for counterplay} Qxf4 26.
Qh3 $19) 25... Bxg5 (25... Bxg5 26. Re2 Qxc4 27. Qxc4 Rxc4 $19) 0-1

[Event "NC Champions Meet 5 min "]
[Site "TOMCO-6BD9B49FE"]
[Date "2009.09.30"]
[Round "?"]
[White "Simpson, Ron"]
[Black "Crittenden (Retired), Charles "Kit""]
[Result "1-0"]
[WhiteElo "2306"]
[BlackElo "2257"]
[Annotator "Rybka 3 (90s)"]
[PlyCount "87"]
[EventDate "2009.??.??"]
[SourceDate "2006.11.11"]

{B17: Caro-Kann: Modern Line (4...Nd7)} {While this is far from a "serious"
game, it marks a historically significant meeting between two of North
Carolina's great chess minds.    *       NM Kit Crittenden won the NC chess
championship in 1948 at the age of 14, and still holds the national record as
the youngest state champion in US history.  He went on to win the title five
times, and was the first official chess Master from North Carolina. He no
doubt would have won more titles had he not left the state, and there were
also years in which he did not compete.  Charles "Kit" Crittenden now resides
in California, where he continues his life's work in philosophy.  At the time
of this meeting, it had been about 20 years since Dr. Crittenden had played
competitive chess.     *         FM Ron Simpson is the current North Carolina
champion, sixty years after young Kit won the title.  He grew up in the
Brooklyn, New York area, and earned his chess chops among a talented group of
African-American players in that area.  His list of chess accomplishments is
impressive, and includes a Senior Master title with a 2427 rating in 1991.  He
now resides in the Raleigh area with his wife and kids, and works for the NOAA
weather service.    *           While Simpson won this 5 minute encounter, it
was impressive to see Crittenden hold his own with black well into the game. 
He clung to the draw margin relentlessly, until time pressure reared its ugly
head and blunders ensued.    *           (Written comments by Tom Hales,
reporting from the scene)    ********************************} 1. e4 c6 2. d4
d5 3. Nc3 dxe4 4. Nxe4 Nd7 {
Black has a cramped position. Black's pieces can't move: c8+f8} 5. Nf3 Ngf6 {
Black threatens to win material: Nf6xe4} 6. Ng3 (6. Nc3 g6 $11) 6... e6 {
Covers f5} 7. Bd3 Be7 8. c3 {Controls b4} O-O 9. h4 (9. O-O c5 $11) 9... c5 10.
Bg5 cxd4 11. Nxd4 Re8 (11... h6 12. Bc2 $11) 12. Qd2 {
Black has a cramped position. Black's piece can't move: c8} (12. Qe2 h6 $11)
12... Nc5 13. O-O-O Nxd3+ 14. Qxd3 {Black has the pair of bishops} e5 {
Black threatens to win material: e5xd4} (14... h6 $5 $11 {
looks like a viable alternative}) 15. Ndf5 $14 Qxd3 16. Nxe7+ (16. Rxd3 Be6 $16
) 16... Rxe7 $14 17. Rxd3 {Opposite coloured bishops appeared} Be6 {
Black threatens to win material: Be6xa2} 18. Re1 {
White threatens to win material: Re1xe5} (18. Nh5 Bxa2 19. Rhd1 h6 20. Bxf6
gxf6 21. Rg3+ Kh8 22. Nxf6 Rc8 $14) 18... Bc4 (18... Rd7 $142 $5 {
is an interesting alternative} 19. Red1 Rxd3 20. Rxd3 Nd5 $11) 19. Rf3 $16 Re6
20. Bxf6 gxf6 21. b3 Bd5 22. Rf5 (22. Rd3 $5 Bc6 23. Nf5 $16) 22... Rc8 {
Black threatens to win material: Rc8xc3} 23. Kb2 (23. Re3 $142 Kf8 24. Nh5 $14)
23... b5 $2 (23... Kg7 $142 $11 {and Black can hope to live}) 24. Nh5 $16 Rcc6
25. f4 (25. a4 $5 Kf8 26. f3 Rb6 $18) 25... Kf8 $16 26. fxe5 fxe5 27. Rfxe5 (
27. Re2 f6 $16) 27... Rxe5 28. Rxe5 Bxg2 29. Rxb5 Rh6 30. Nf4 (30. Ng3 Bh3 $16)
30... Be4 31. Re5 f5 32. h5 Rd6 (32... Kf7 33. c4 Rd6 34. Ra5 $16) 33. c4 (33.
Ne6+ Kg8 34. Nd4 Rf6 $18) 33... Rd2+ (33... Kf7 34. Ra5 Kf6 35. Kc3 $16) 34.
Ka3 $18 Bb1 (34... Kg7 35. Re7+ Kh6 36. Rxa7 $18) 35. Kb4 Rxa2 36. Kc5 (36. c5
Be4 37. Ne6+ Kf7 $18) 36... Be4 (36... Ra5+ 37. Kd6 Rxe5 38. Kxe5 $16) 37. b4
$18 Kf7 (37... Rh2 38. Kd6 Rd2+ 39. Nd5 $18) 38. Nd5 Rc2 $4 {
Black falls apart   (Editor:  Under Severe Time Pressure!)} (38... a6 $142 $18)
39. Re7+ Kf8 40. Rxa7 Bd3 41. Ne3 Re2 (41... Rb2 {
cannot change what is in store for ?} 42. Ra3 Bb1 43. b5 $18) 42. Kd4 Be4 (
42... f4 {does not improve anything} 43. Nd5 Rd2 44. Nxf4 Bf1+ 45. Kc3 $18) 43.
Ra5 (43. b5 $142 {might be the shorter path} h6 $18) 43... Kf7 (43... Rd2+ {
doesn't get the bull off the ice} 44. Ke5 Rh2 45. b5 $18) 44. Nxf5 {Crittenden,
whose clock had expired a couple of moves earlier, resigned at this point.} (
44. Nxf5 Bg2 45. Ra7+ Kf6 46. Ne3 $18) 1-0

[Event "TAO 49"]
[Site "?"]
[Date "2009.09.19"]
[Round "2"]
[White "Campbell, William"]
[Black "Mabe, Chris"]
[Result "0-1"]
[WhiteElo "1903"]
[BlackElo "2294"]
[Annotator "Rybka 3 (90s)"]
[PlyCount "82"]
[SourceDate "2006.11.11"]

{D04: Colle System} 1. d4 d5 2. Nf3 Nf6 3. e3 Bg4 (3... e6 4. c4 $11) 4. Bd3 (
4. c4 c6 $14) 4... e6 {Covers f5} 5. c3 {Consolidates b4} c5 6. Qa4+ (6. Nbd2
cxd4 7. Qa4+ Nbd7 8. exd4 Bd6 $11) 6... Nbd7 7. Ne5 c4 {Black gains space} (
7... Bh5 8. Nxd7 Nxd7 9. c4 dxc4 10. Qxc4 $15) 8. Nxg4 $11 Nxg4 {
White has the pair of bishops} (8... cxd3 9. Nxf6+ Qxf6 10. O-O $14) 9. Be2 {
White threatens to win material: Be2xg4} Ngf6 (9... Qh4 10. g3 Qh3 11. Bxg4
Qxg4 12. b3 cxb3 13. axb3 $11) 10. b4 (10. b3 $142 $5 $14 {is noteworthy})
10... Be7 11. Nd2 O-O {Black castles and improves king safety} 12. Bb2 (12. O-O
h6 $15) 12... a5 13. bxa5 (13. b5 Nb6 14. Qc2 a4 $15) 13... Rxa5 {
Black has a new backward pawn: b7} 14. Qc2 b5 (14... Qc7 15. O-O $17) 15. a3 {
Secures b4} (15. O-O Qb6 $17) 15... Qb6 $17 16. O-O Rfa8 17. Qc1 Qa7 18. Nb1
Nb6 19. Bd1 (19. Qc2 Ra4 $17) 19... Na4 20. Bxa4 Rxa4 21. f3 (21. h3 g5 $17)
21... Nd7 (21... Bd6 22. Qc2 $17) 22. Rf2 (22. Qc2 Nb6 $17) 22... Nb6 23. g3
Ra5 24. Kg2 Na4 25. Rc2 (25. Ra2 Bf8 $17) 25... h6 26. Kh3 (26. Qe1 Kh8 $17)
26... Qd7 (26... e5 27. f4 $19) 27. Kg2 e5 $1 {Decoy: e5} 28. h4 (28. dxe5 Qf5
{Decoy}) 28... Qf5 $19 {Black prepares the advance e4} 29. Ra2 $2 (29. Rf2 R8a6
30. Qc2 Qh5 $19) 29... R5a6 30. Ba1 (30. Nd2 exd4 31. exd4 Bxh4 $19) 30... Rg6
31. Qh1 (31. Nd2 Bxh4 32. Nf1 $19) 31... Rga6 (31... Bd6 $142 $5 {
keeps an even firmer grip} 32. Qh3 Qxh3+ 33. Kxh3 exd4 34. exd4 Rxg3+ 35. Kh2
$19) 32. Qc1 e4 (32... exd4 {makes it even easier for Black} 33. exd4 Rg6 34.
Nd2 Bxh4 35. Nf1 $19) 33. f4 (33. Nd2 Rg6 34. fxe4 Qg4 $19) 33... Qg4 (33...
Rg6 $142 $5 {and Black can already relax} 34. Kh2 Rg4 35. Rg2 Bxh4 36. Nd2 $19)
34. Kh2 g5 35. hxg5 (35. Rg2 $19) 35... hxg5 36. Rg2 (36. Kg1 $19) 36... Kg7 (
36... Rh6+ $5 {might be the shorter path} 37. Kg1 Kg7 38. Rh2 $19) 37. Kg1 Rh6
38. Qd2 (38. Rh2 {no good, but what else?} Rah8 39. Qe1 $19) 38... Rah8 39. Qe2
Rh1+ 40. Kf2 Qxe2+ 41. Kxe2 Rxb1 0-1